History Quiz

Random History or City Quiz

The New York City Quiz Stats

 Plays Quiz Updated Apr 7, 2017

     
Support Sporcle.
Go Orange.
Score 0/20 Timer 08:00
1 Play Today
% Correct
'The Great Mistake of 1898' transformed this city into a borough of New YorkBrooklyn
86.4%
The tallest building in the world from 1931-1972Empire State Building
85.5%
1904 saw the opening of this transit system, today one of the largest of its kindNew York City Subway
78.2%
Opened in 1871, it is the largest train station in the world by number of platformsGrand Central Terminal
76.2%
New York was originally a Dutch colonial settlement with this nameNew Amsterdam
74%
Named for a Dutch-built fortification, it has become synonymous with the American financial industryWall Street
72.4%
Advertised as ''The World's Most Famous Arena,' it has gone through no fewer than four incarnationsMadison Square Garden
68.9%
Thoroughfare built by the Dutch, famous in part for its theater districtBroadway
65.9%
English explorer who first charted and explored the area surrounding New York BayHenry Hudson
65.8%
Mayor from 2002-2013 and one of the wealthiest AmericansMichael Bloomberg
62.7%
% Correct
Founded in 1870, this museum has over 2 million works in its permanent collectionMetropolitan Museum of Art
59.3%
Three-term mayor, today his name is associated with delayed flightsFiorello La Guardia
51.5%
Serial killer whose crimes terrorized the city in the late 1970'sDavid Berkowitz
42.9%
At 22 stories, this triangular building was one of the first skyscrapers ever builtFlatiron Building
42%
Spanning the Hudson River, it was the longest bridge in the world from 1931-1937George Washington Bridge
41.1%
Named for its first Chief Engineer, this tunnel connects Manhattan to Jersey CityHolland Tunnel
39%
Native son who served as the first Chief Justice of the United StatesJohn Jay
27.3%
In 1911, a fire broke out in this factory killing 146 garment workersTriangle Shirtwaist Factory
25.4%
This country is the city's largest source of foreign-born residentsDominican Republic
22.8%
The last Dutch Director-General of the colonyPeter Stuyvesant
20.8%

From the Vault

Heart of Rock 'n' Roll Cities

by trojanmommy

Music 2m
Sporcle is everything they say and no place that I'd rather be...
Remove Ads.
Support Sporcle.
Get the best of Sporcle when you Go Orange. This ad-free experience offers more features, more stats, and more fun while also helping to support Sporcle. Thank you for becoming a member.

Show Comments

Extras

Top Quizzes Today


Score Distribution

Your Account Isn't Verified!

In order to create a playlist on Sporcle, you need to verify the email address you used during registration. Go to your Sporcle Settings to finish the process.

Report this User

Report this user for behavior that violates our Community Guidelines.

Details: